Sports Quiz

Random Sports or Soccer Quiz

UEFA Champions League 2016-17 Top goalscorers Quiz Stats

 Plays Quiz not verified by Sporcle

Score 0/22 Timer 07:00
1 Play Today
# of goals/Team Player % Correct
12/Real MadridCristiano Ronaldo
99.8%
11/BarcelonaLionel Messi
99.7%
8/PSGEdinson Cavani
96.7%
4/BarcelonaNeymar Jr
96.1%
5/Manchester CitySergio Agüero
95.6%
8/Bayern MunichRobert Lewandowski
95%
5/Real MadridKarim Benzema
92.1%
6/Atlético MadridAntoine Griezmann
90.6%
6/MonacoKylian Mbappé
88.2%
5/JuventusGonzalo Higuaín
87.3%
7/Borussia DortmundPierre-Emerick Aubameyang
85.7%
# of goals/Team Player % Correct
5/MonacoRadamel Falcao
85.2%
4/Leicester CityRiyad Mahrez
80%
4/Borussia DortmundMarco Reus
74.5%
4/ArsenalMesut Özil
73.4%
5/NapoliDries Mertens
72.3%
4/JuventusPaulo Dybala
71.5%
4/PSGÁngel Di María
59.9%
4/ArsenalTheo Walcott
46.6%
4/Atlético MadridSaúl Ñíguez
37%
4/PortoAndré Silva
24.9%
4/BarcelonaArda Turan
16.4%

You're not logged in!

Compare scores with friends on all Sporcle quizzes.
OR
Log In

You Might Also Like...

Show Comments

Extras

Top Quizzes Today


Score Distribution

Your Account Isn't Verified!

In order to create a playlist on Sporcle, you need to verify the email address you used during registration. Go to your Sporcle Settings to finish the process.

Report this User

Report this user for behavior that violates our Community Guidelines.

Details: